| 000 | 00923nam a2200265 i 4500 | ||
|---|---|---|---|
| 001 | bg | ||
| 100 | 1 | _aMalina, Witold. | |
| 245 | 1 | 0 |
_aPodstawy cyfrowego przetwarzania obrazów / _cWitold Malina, Sergey Ablameyko, Waldemar Pawlak. |
| 260 |
_aWarszawa : _b"Exit", _c2002. |
||
| 300 |
_a131 s. : _bil. ; _c24 cm. |
||
| 490 | 1 | _aProblemy Współczesnej Nauki : teoria i zastosowania. Informatyka | |
| 504 | _aBibliogr. | ||
| 650 | 9 | _aPrzetwarzanie obrazów | |
| 700 | 1 | _aAblamejko, Sergej. | |
| 700 | 1 | _aPawlak, Waldemar. | |
| 830 | _aProblemy Współczesnej Nauki : teoria i zastosowania. Informatyka | ||
| 020 | _a8387674443 | ||
| 040 | _cBPK | ||
| 041 | 0 | _apol | |
| 080 | _a004.932 | ||
| 920 | _a83-87674-44-3 | ||
| 942 | _cKS | ||
| 008 | s pl f |000 0 pol | ||
| 999 |
_c44357 _d44357 |
||
| 856 |
_uhttp://koha.tu.koszalin.pl/cgi-bin/koha/opac-detail.pl?biblionumber=44357 _yKatalog online BPK |
||